000 00517nam a2200121Ia 4500
008 220620s9999||||xx |||||||||||||| ||und||
100 _aHinzen, Heribert
245 0 _aChapter 100 Years of Volkshochschule – 50 Years of DVV International. Local and Global Perspectives on Adult Education and Lifelong Learning
546 _aEnglish[eng]
650 _aCONFINTEA / UNESCO||history||profession||sustainable development
856 _uhttps://library.oapen.org/bitstream/20.500.12657/56159/1/14720.pdf
942 _cEB
999 _c22100
_d22100